Statistics for Indiana Pacers Trivia

Click here to take the quiz!

General Stats

  • This quiz has been taken 149 times
  • The average score is 7 of 11

Answer Stats

Question Answer % Correct
Who is the Pacers' all-time leading scorer?Reggie Miller
91%
Who did the Pacers trade to the Thunder to get the two above players?Paul George
89%
Who charged into the stands, punching opposing fans, during a 2004 incident called
"The Malice at the Palace"?
Ron Artest
87%
What former #2 pick became an All Star after he was traded to the Pacers in 2017?Victor Oladipo
83%
What Indiana native was hired to coach the team in 1997?Larry Bird
77%
What team did the Pacers defeat in a 1995 playoff game - after the above player
scored 8 points in 9 seconds late in the 4th quarter?
New York Knicks
75%
What current Pacer is the son of Lithuanian legend Arvydas Sabonis?{Domantas} Sabonis
66%
What former player stood 7'4" and was known as the "The Dunking Dutchman"?Rik Smits
53%
Who was an All Star six years in a row between 2002 and 2007?Jermaine O'Neal
49%
What kind of animal is Boomer, the Pacers mascot?Panther
28%
What female track star designed the uniforms worn by the Pacers in the 1990s?Florence Griffith-Joyner
24%

Score Distribution

Percentile by Number Answered

Percent of People with Each Score

Your Score History

You have not taken this quiz